00434nam a2200157Ia 4500008004100000020000700041082001700048100001900065245005100084250000700135260004500142300002900187500000700216600003300223650002000256240925s9999 xx 000 0 und d aNA a491.4397 UDB aUrdu Dic Board 2aA Dictionary of urdu on Historical principles  aNA aKarachi:bKarachi Fair Book centc,2004. axvi,281p.bNAfPhotocopy aNA aHumanities & Natural Science aOther languages